Las cárceles inquisitoriales españolas / (Record no. 119913)

MARC details
000 -LEADER
campo de control de longitud fija 00816nam a2200217 i 4500
001 - NÚMERO DE CONTROL
campo de control 119913
003 - IDENTIFICADOR DE NÚMERO DE CONTROL
campo de control ES-MaACL
005 - FECHA Y HORA DE LA ÚLTIMA TRANSACCIÓN
campo de control 20230906191424.0
007 - CAMPO FIJO DE DESCRIPCIÓN FÍSICA--INFORMACIÓN GENERAL
campo de control de longitud fija t|
008 - DATOS DE LONGITUD FIJA--INFORMACIÓN GENERAL
campo de control de longitud fija 070214s1949 sp a |||| | spa d
100 1# - ENTRADA PRINCIPAL--NOMBRE DE PERSONA
Nombre de persona Pinta Llorente, Miguel de la.
9 (RLIN) 92201
245 14 - MENCIÓN DEL TÍTULO
Título Las cárceles inquisitoriales españolas /
Mención de responsabilidad, etc. por Miguel de la Pinta Llorente.
260 ## - PUBLICACIÓN, DISTRIBUCIÓN, ETC.
Lugar de publicación, distribución, etc. Madrid :
Nombre del editor, distribuidor, etc. [s.n.],
Fecha de publicación, distribución, etc. 1949.
300 ## - DESCRIPCIÓN FÍSICA
Extensión 239 p. :
Otras características físicas il. ;
Dimensiones 21 cm +
Material acompañante/anejo 1 gráf. pleg.
490 1# - MENCIÓN DE SERIE
Mención de serie Aportaciones para la historia del sentimiento religioso en España
650 #4 - PUNTO DE ACCESO ADICIONAL DE MATERIA--TÉRMINO DE MATERIA
Término de materia o nombre geográfico como elemento de entrada Inquisición-
Subdivisión geográfica España-
Subdivisión de forma Historia.
9 (RLIN) 13799
650 #4 - PUNTO DE ACCESO ADICIONAL DE MATERIA--TÉRMINO DE MATERIA
Término de materia o nombre geográfico como elemento de entrada Establecimientos penitenciarios-
Subdivisión geográfica España-
Subdivisión de forma Historia.
9 (RLIN) 162432
830 0# - PUNTO DE ACCESO ADICIONAL DE SERIE-TÍTULO UNIFORME
Título uniforme Aportaciones para la historia del sentimiento religioso en España
9 (RLIN) 218635
852 ## - LOCALIZACIÓN
Ubicación ES-MaACL
Número de control de estantería D-7672
Holdings
Estatus retirado Estado de pérdida Estado de daño No para préstamo Biblioteca de origen Biblioteca actual Ubicación en estantería Fecha de adquisición Fuente de adquisición Total de préstamos Signatura topográfica completa Código de barras Visto por última vez Precio de reemplazo Tipo de ítem Koha
        Biblioteca del Ateneo de Madrid Biblioteca del Ateneo de Madrid Sala Valle Inclán 17/01/2008     D-7672 901124990 23/02/2023 23/02/2023 Libro impreso